Law of bails : (Record no. 77425)

MARC details
000 -LEADER
fixed length control field 00812nam a22002177a 4500
005 - DATE AND TIME OF LATEST TRANSACTION
control field 20131011121512.0
010 ## - LCCN (DPL NO)
LC control number ENG-107962
020 ## - INTERNATIONAL STANDARD BOOK NUMBER
Terms of availability 1495.00
International Standard Book Number 9789350352328
035 ## - SYSTEM CONTROL NUMBER
System control number EN-91495
037 ## - SOURCE OF ACQUISITION
Source of stock number/acquisition DBAD/PUB
082 ## - DEWEY DECIMAL CLASSIFICATION NUMBER
Classification number 345.54056
100 ## - MAIN ENTRY--PERSONAL NAME
Personal name Ramakrishna, P.V.
245 00 - TITLE STATEMENT
Title Law of bails :
Statement of responsibility, etc by P.V. Ramakrishna ; revised by J.S. Dubey [and] Jagdish Kumar Solanki
Remainder of title an exhaustive treatise on bails of all kinds along with model forms of bail applications /
250 ## - EDITION STATEMENT
Edition statement 8th ed
260 ## - PUBLICATION, DISTRIBUTION, ETC. (IMPRINT)
Place of publication, distribution, etc Delhi
Name of publisher, distributor, etc Universal Law Publishing
Date of publication, distribution, etc 2012
270 ## - ADDRESS
Address C-FF-1A, Dilkhus Industrial Estate, (Near Azadpur Metro Station) G.T. Karnal Road,
City Delhi
Postal code 110033
300 ## - PHYSICAL DESCRIPTION
Extent xciv,968p.
Dimensions 26cm(Hb)
700 ## - ADDED ENTRY--PERSONAL NAME
Personal name Dubey,J.S.
700 ## - ADDED ENTRY--PERSONAL NAME
Personal name Solanki,Jagdish Kumar
942 ## - ADDED ENTRY ELEMENTS (KOHA)
Source of classification or shelving scheme Dewey Decimal Classification
Item type English Books
Call number suffix RAM
Classification part 345.54056
Holdings
Withdrawn status Lost status Not for loan Collection code Home library Current library Date acquired Source of acquisition Cost, normal purchase price Full call number Barcode Copy number Cost, replacement price Koha item type
    Not For Loan Non-fiction D.B.Act.Division D.B.Act.Division 12/07/2013 DBAD/PUB 1495.00 345.54056 RAM EN-91495 1 1495.00 English Books

© Delhi Public Library
Hit Counter
free hit counter